[Event "World Chess Olympiad 2018"]
[Site "Batumi"]
[Date "2018.10.03"]
[Round "9"]
[Board "2"]
[WhiteFideId "9300465"]
[White "AlHuwar Jasem"]
[BlackFideId "12200085"]
[Black "Nadir Samir"]
[Result "1/2-1/2"]
[LiveChessVersion "1.4.8"]
[BlackElo "2170"]
[WhiteElo "2245"]

1. Nf3 {[%clk 1:30:55]} d5 {[%clk 1:24:26]} 2. g3 {[%clk 1:31:18]} Nf6
{[%clk 1:24:36]} 3. Bg2 {[%clk 1:31:41]} Bf5 {[%clk 1:23:48]} 4. O-O
{[%clk 1:32:03]} e6 {[%clk 1:24:14]} 5. d3 {[%clk 1:32:27]} Be7 {[%clk 1:24:15]}
6. Nh4 {[%clk 1:32:43]} Bg4 {[%clk 1:23:41]} 7. h3 {[%clk 1:33:05]} Bh5
{[%clk 1:23:41]} 8. Qe1 {[%clk 1:33:28]} Nc6 {[%clk 1:12:41]} 9. c3
{[%clk 1:31:50]} O-O {[%clk 1:06:33]} 10. f4 {[%clk 1:32:11]} Nd7
{[%clk 1:02:39]} 11. Nf3 {[%clk 1:32:36]} f5 {[%clk 0:58:37]} 12. b4
{[%clk 1:30:35]} a6 {[%clk 0:42:41]} 13. e4 {[%clk 1:30:29]} dxe4
{[%clk 0:33:39]} 14. dxe4 {[%clk 1:30:52]} Nb6 {[%clk 0:31:20]} 15. Qe2
{[%clk 1:18:22]} Nd4 {[%clk 0:23:33]} 16. Qf2 {[%clk 1:03:18]} Nxf3+
{[%clk 0:23:24]} 17. Bxf3 {[%clk 1:03:43]} Bxf3 {[%clk 0:23:38]} 18. Qxf3
{[%clk 1:04:07]} fxe4 {[%clk 0:23:42]} 19. Qxe4 {[%clk 1:03:54]} Qd5
{[%clk 0:23:42]} 20. Re1 {[%clk 0:44:39]} Qxe4 {[%clk 0:21:38]} 21. Rxe4
{[%clk 0:45:03]} Rad8 {[%clk 0:20:10]} 22. Nd2 {[%clk 0:42:21]} Bf6
{[%clk 0:19:31]} 23. a3 {[%clk 0:37:41]} Rd3 {[%clk 0:17:08]} 24. Nf1
{[%clk 0:37:28]} Na4 {[%clk 0:14:31]} 25. Bd2 {[%clk 0:33:13]} Rfd8
{[%clk 0:11:51]} 26. Be1 {[%clk 0:26:58]} Kf7 {[%clk 0:11:49]} 27. Ra2
{[%clk 0:19:32]} Bxc3 {[%clk 0:10:24]} 28. Rc2 {[%clk 0:19:49]} c6
{[%clk 0:09:10]} 29. Rce2 {[%clk 0:19:04]} R8d6 {[%clk 0:05:18]} 30. Kg2
{[%clk 0:17:16]} g6 {[%clk 0:04:01]} 31. g4 {[%clk 0:14:25]} Bxe1
{[%clk 0:03:25]} 32. Rxe1 {[%clk 0:14:50]} Rxa3 {[%clk 0:01:52]} 33. f5
{[%clk 0:14:19]} gxf5 {[%clk 0:02:01]} 34. gxf5 {[%clk 0:14:45]} exf5
{[%clk 0:02:12]} 35. Re7+ {[%clk 0:14:54]} Kg6 {[%clk 0:02:11]} 36. Rxb7
{[%clk 0:14:46]} Rdd3 {[%clk 0:01:18]} 37. Re6+ {[%clk 0:11:42]} Kg5
{[%clk 0:01:27]} 38. Rxh7 {[%clk 0:12:06]} Ra2+ {[%clk 0:01:30]} 39. Kg1
{[%clk 0:12:09]} Nc3 {[%clk 0:01:04]} 40. Rg7+ {[%clk 0:41:34]} Kf4
{[%clk 0:30:58]} 41. Rg2 {[%clk 0:41:52]} Rxh3 {[%clk 0:22:22]} 42. Rxa2
{[%clk 0:41:51]} Nxa2 {[%clk 0:19:49]} 43. Rxc6 {[%clk 0:40:22]} Ra3
{[%clk 0:17:52]} 44. Kf2 {[%clk 0:32:06]} Nc3 {[%clk 0:12:33]} 45. Nd2
{[%clk 0:26:51]} Ne4+ {[%clk 0:09:41]} 46. Nxe4 {[%clk 0:27:09]} Ra2+
{[%clk 0:09:55]} 47. Nd2 {[%clk 0:25:49]} Rxd2+ {[%clk 0:10:19]} 48. Ke1
{[%clk 0:26:14]} Ra2 {[%clk 0:10:09]} 49. Rc3 {[%clk 0:26:39]} Ke4
{[%clk 0:08:35]} 50. Rb3 {[%clk 0:26:23]} Kd4 {[%clk 0:07:01]} 51. b5
{[%clk 0:26:27]} axb5 {[%clk 0:05:34]} 52. Rxb5 {[%clk 0:26:47]} f4
{[%clk 0:05:50]} 53. Rb3 {[%clk 0:27:09]} Ke4 {[%clk 0:06:03]} 54. Kf1
{[%clk 0:27:26]} Kf5 {[%clk 0:05:50]} 55. Rc3 {[%clk 0:27:38]} Kg4
{[%clk 0:05:41]} 56. Rb3 {[%clk 0:27:56]} 1/2-1/2

[Event "World Chess Olympiad 2018"]
[Site "Batumi"]
[Date "2018.10.03"]
[Round "9"]
[Board "3"]
[WhiteFideId "12202606"]
[White "Mohamed Faisal"]
[BlackFideId "9308733"]
[Black "Al Hosani Omran"]
[Result "0-1"]
[LiveChessVersion "1.4.8"]
[BlackElo "2115"]
[WhiteElo "2127"]

1. Nf3 {[%clk 1:23:50]} Nf6 {[%clk 1:30:41]} 2. c4 {[%clk 1:23:31]} g6
{[%clk 1:31:02]} 3. Nc3 {[%clk 1:23:21]} Bg7 {[%clk 1:28:07]} 4. d4
{[%clk 1:21:13]} d5 {[%clk 1:28:28]} 5. cxd5 {[%clk 1:20:40]} Nxd5
{[%clk 1:28:51]} 6. Qb3 {[%clk 1:19:32]} Nxc3 {[%clk 1:25:17]} 7. bxc3
{[%clk 1:17:35]} O-O {[%clk 1:24:11]} 8. e3 {[%clk 1:08:05]} c5 {[%clk 1:24:25]}
9. Be2 {[%clk 1:08:14]} Nc6 {[%clk 1:19:29]} 10. O-O {[%clk 1:08:11]} Na5
{[%clk 1:18:06]} 11. Qd1 {[%clk 0:57:45]} Be6 {[%clk 1:17:17]} 12. e4
{[%clk 0:53:48]} cxd4 {[%clk 1:15:25]} 13. cxd4 {[%clk 0:54:01]} Bg4
{[%clk 1:15:19]} 14. Be3 {[%clk 0:53:23]} Bxf3 {[%clk 1:14:50]} 15. Bxf3
{[%clk 0:52:20]} Nc4 {[%clk 1:15:09]} 16. Qb3 {[%clk 0:50:03]} Nxe3
{[%clk 1:14:21]} 17. fxe3 {[%clk 0:50:26]} Qd7 {[%clk 1:14:09]} 18. Rab1
{[%clk 0:47:01]} b6 {[%clk 1:14:06]} 19. h3 {[%clk 0:43:38]} e6 {[%clk 1:10:45]}
20. Rbc1 {[%clk 0:33:30]} Rac8 {[%clk 1:10:57]} 21. Be2 {[%clk 0:31:41]} Rxc1
{[%clk 1:09:10]} 22. Rxc1 {[%clk 0:32:03]} Rc8 {[%clk 1:09:34]} 23. Rxc8+
{[%clk 0:30:47]} Qxc8 {[%clk 1:10:02]} 24. Bc4 {[%clk 0:23:26]} Qc7
{[%clk 1:08:30]} 25. d5 {[%clk 0:14:36]} exd5 {[%clk 1:06:55]} 26. exd5
{[%clk 0:14:06]} Be5 {[%clk 1:07:17]} 27. Qb5 {[%clk 0:10:18]} Qe7
{[%clk 1:07:05]} 28. Bb3 {[%clk 0:08:58]} Bd6 {[%clk 1:05:04]} 29. Qe2
{[%clk 0:08:06]} Qe5 {[%clk 1:04:45]} 30. Qf3 {[%clk 0:07:54]} a5
{[%clk 1:04:26]} 31. a4 {[%clk 0:04:19]} Qc3 {[%clk 1:03:04]} 32. Bd1
{[%clk 0:01:18]} Qe1+ {[%clk 1:03:32]} 33. Qf1 {[%clk 0:01:43]} Bh2+
{[%clk 1:04:00]} 0-1

[Event "World Chess Olympiad 2018"]
[Site "Batumi"]
[Date "2018.10.03"]
[Round "9"]
[Board "4"]
[WhiteFideId "9312331"]
[White "Ammar Sedrani"]
[BlackFideId "12200174"]
[Black "Khalid El Amin"]
[Result "1-0"]
[LiveChessVersion "1.4.8"]
[BlackElo "2054"]
[WhiteElo "2099"]

1. d4 {[%clk 1:30:59]} d6 {[%clk 1:23:52]} 2. e4 {[%clk 1:30:42]} Nf6
{[%clk 1:23:51]} 3. f3 {[%clk 1:30:42]} e5 {[%clk 1:19:39]} 4. dxe5
{[%clk 1:30:59]} dxe5 {[%clk 1:20:07]} 5. Qxd8+ {[%clk 1:31:17]} Kxd8
{[%clk 1:20:27]} 6. Bc4 {[%clk 1:31:20]} Ke8 {[%clk 1:20:35]} 7. Be3
{[%clk 1:31:07]} Nbd7 {[%clk 1:20:36]} 8. Nd2 {[%clk 1:31:03]} Bc5
{[%clk 1:20:24]} 9. Nf1 {[%clk 1:30:24]} c6 {[%clk 1:16:56]} 10. a3
{[%clk 1:27:37]} h6 {[%clk 1:12:48]} 11. Ne2 {[%clk 1:25:12]} g6 {[%clk 1:06:08]}
12. Nc1 {[%clk 1:23:17]} Ke7 {[%clk 0:57:27]} 13. Nd3 {[%clk 1:23:24]} Bxe3
{[%clk 0:55:56]} 14. Nxe3 {[%clk 1:21:00]} Ne8 {[%clk 0:55:20]} 15. g3
{[%clk 1:11:10]} f6 {[%clk 0:53:40]} 16. O-O-O {[%clk 1:07:26]} Nd6
{[%clk 0:52:54]} 17. Ba2 {[%clk 1:07:18]} Nf8 {[%clk 0:43:34]} 18. Rhe1
{[%clk 1:03:10]} Be6 {[%clk 0:43:11]} 19. Bxe6 {[%clk 1:03:12]} Nxe6
{[%clk 0:43:31]} 20. f4 {[%clk 1:01:22]} Nxe4 {[%clk 0:27:38]} 21. Nc4
{[%clk 0:53:20]} N4c5 {[%clk 0:22:48]} 22. Nxc5 {[%clk 0:51:04]} Nxc5
{[%clk 0:23:08]} 23. Nxe5 {[%clk 0:50:54]} fxe5 {[%clk 0:23:11]} 24. Rxe5+
{[%clk 0:51:22]} Kf7 {[%clk 0:21:27]} 25. Rxc5 {[%clk 0:51:46]} Rad8
{[%clk 0:21:39]} 26. Rc3 {[%clk 0:51:30]} Rxd1+ {[%clk 0:20:15]} 27. Kxd1
{[%clk 0:50:52]} Re8 {[%clk 0:20:43]} 28. Kd2 {[%clk 0:50:58]} Kf6
{[%clk 0:20:56]} 29. Re3 {[%clk 0:50:58]} Rd8+ {[%clk 0:21:12]} 30. Rd3
{[%clk 0:51:22]} Rb8 {[%clk 0:20:26]} 31. Rd7 {[%clk 0:51:38]} Ke6
{[%clk 0:19:28]} 32. Rc7 {[%clk 0:51:40]} h5 {[%clk 0:19:37]} 33. Ke3
{[%clk 0:51:44]} Kf5 {[%clk 0:17:44]} 34. Rf7+ {[%clk 0:47:57]} Ke6
{[%clk 0:17:54]} 35. Rh7 {[%clk 0:48:20]} Kf5 {[%clk 0:17:57]} 36. h3
{[%clk 0:48:49]} a5 {[%clk 0:14:21]} 37. Kf3 {[%clk 0:47:55]} Rd8
{[%clk 0:13:54]} 38. g4+ {[%clk 0:48:13]} hxg4+ {[%clk 0:14:05]} 39. hxg4+
{[%clk 0:48:42]} Ke6 {[%clk 0:14:17]} 40. Rxb7 {[%clk 1:17:58]} Rd2
{[%clk 0:44:28]} 41. c3 {[%clk 1:18:18]} Rd1 {[%clk 0:43:13]} 42. Rc7
{[%clk 1:18:08]} Kd6 {[%clk 0:34:31]} 43. Rg7 {[%clk 1:18:15]} a4
{[%clk 0:34:49]} 44. Rxg6+ {[%clk 1:18:03]} Kd5 {[%clk 0:34:50]} 45. Rg8
{[%clk 1:18:14]} Rd3+ {[%clk 0:34:34]} 46. Ke2 {[%clk 1:17:56]} Rh3
{[%clk 0:34:20]} 47. Rd8+ {[%clk 1:17:57]} Ke6 {[%clk 0:33:52]} 48. Rd4
{[%clk 1:17:33]} Rh2+ {[%clk 0:33:53]} 49. Kd3 {[%clk 1:18:02]} Rxb2
{[%clk 0:34:10]} 50. Rxa4 {[%clk 1:18:30]} 1-0

[Event "World Chess Olympiad 2018"]
[Site "Batumi"]
[Date "2018.10.03"]
[Round "9"]
[Board "4"]
[WhiteFideId "9000720"]
[White "Aithmidou Mohamed-Mehdi"]
[BlackFideId "1800132"]
[Black "Rayner Francis"]
[Result "1-0"]
[LiveChessVersion "1.4.8"]
[BlackElo "2083"]
[WhiteElo "2244"]

1. Nf3 d5 2. c4 c6 3. b3 Nf6 4. Bb2 Bf5 5. g3 h6 6. Bg2 e6 7. d3 Nbd7 8. O-O Be7
9. Nbd2 O-O 10. a3 Re8 11. Ra2 a5 12. Qa1 Bf8 13. h3 Bh7 14. g4 Qe7 15. Ne5 Nxe5
16. Bxe5 Nd7 17. Bc3 Qd6 18. Rb1 e5 19. cxd5 cxd5 20. b4 a4 21. b5 Qe6 22. Rc2 e4
23. dxe4 dxe4 24. e3 Nc5 25. Bb4 Nd3 26. Bxf8 Kxf8 27. Rc4 f5 28. Rc7 Re7 29.
gxf5 Bxf5 30. Rxe7 Qxe7 31. Nf1 Qf7 32. Ng3 Bxh3 33. Nxe4 Bxg2 34. Kxg2 Qd5 35.
Qd4 Qxd4 36. exd4 Rc8 37. Nd6 Rc7 38. Rd1 Nf4+ 39. Kf3 Nd5 40. Re1 Nf6 41. Kf4
Rd7 42. Re6 Rc7 43. Kf5 Rc3 44. Re3 Rc7 45. Kg6 Rd7 46. Re6 b6 47. f3 Rc7 48. Ne4
Nd5 49. Kf5 Ne3+ 50. Kf4 Nd5+ 51. Ke5 Rd7 52. Rc6 Ke7 53. Nd6 Ne3 54. Nc8+ Kf7
55. Nxb6 Re7+ 56. Kf4 g5+ 57. Kg3 Nf5+ 58. Kg4 Nxd4 59. Rc5 Re3 60. Rd5 Nc2 61.
Nxa4 Rxa3 62. Rd7+ Ke6 63. Nc5+ Ke5 64. b6 Nb4 65. b7 Nc6 66. Rc7 1-0

[Event "World Chess Olympiad 2018"]
[Site "Batumi"]
[Date "2018.10.03"]
[Round "9"]
[Board "1"]
[WhiteFideId "10100792"]
[White "Miguel Sergio"]
[BlackFideId "6900224"]
[Black "De La Riva Aguado Oscar"]
[Result "0-1"]
[LiveChessVersion "1.4.8"]
[BlackElo "2475"]
[WhiteElo "2285"]

1. e4 {[%clk 1:30:38]} c5 {[%clk 1:30:24]} 2. Nf3 {[%clk 1:31:02]} Nc6
{[%clk 1:30:45]} 3. Nc3 {[%clk 1:31:26]} g6 {[%clk 1:29:35]} 4. g3
{[%clk 1:28:38]} Bg7 {[%clk 1:29:41]} 5. Bg2 {[%clk 1:29:06]} e6 {[%clk 1:22:37]}
6. O-O {[%clk 1:28:54]} Nge7 {[%clk 1:22:20]} 7. d3 {[%clk 1:28:20]} d6
{[%clk 1:22:34]} 8. Be3 {[%clk 1:28:29]} Nd4 {[%clk 1:22:46]} 9. Qd2
{[%clk 1:24:42]} Nec6 {[%clk 1:17:59]} 10. Ne1 {[%clk 1:17:53]} h5
{[%clk 1:00:52]} 11. Nd1 {[%clk 1:16:02]} h4 {[%clk 0:59:49]} 12. c3
{[%clk 1:16:06]} h3 13. Bh1 {[%clk 1:11:04]} e5 {[%clk 0:55:49]} 14. f4
{[%clk 1:02:11]} exf4 {[%clk 0:52:21]} 15. Bxf4 {[%clk 1:01:19]} Ne6
{[%clk 0:52:43]} 16. Be3 {[%clk 1:00:25]} Ne5 {[%clk 0:48:57]} 17. Nf2
{[%clk 0:59:28]} Bd7 {[%clk 0:48:49]} 18. b3 {[%clk 0:55:14]} Qa5
{[%clk 0:46:49]} 19. a4 {[%clk 0:40:21]} b5 {[%clk 0:29:53]} 20. Nc2
{[%clk 0:34:36]} bxa4 {[%clk 0:28:49]} 21. b4 {[%clk 0:28:29]} Qc7
{[%clk 0:25:32]} 22. Rfc1 {[%clk 0:19:56]} O-O {[%clk 0:23:45]} 23. Qe2
{[%clk 0:17:39]} Rac8 {[%clk 0:23:26]} 24. bxc5 {[%clk 0:16:16]} dxc5
{[%clk 0:23:11]} 25. Nxh3 {[%clk 0:13:04]} c4 {[%clk 0:15:07]} 26. d4
{[%clk 0:12:56]} Nd3 {[%clk 0:15:26]} 27. Rcb1 {[%clk 0:12:49]} Nxd4
{[%clk 0:15:33]} 28. Bxd4 {[%clk 0:13:02]} Bxh3 {[%clk 0:15:55]} 29. Bxg7
{[%clk 0:10:08]} Kxg7 {[%clk 0:16:19]} 30. Rxa4 {[%clk 0:10:13]} Rb8
{[%clk 0:16:44]} 31. Raa1 {[%clk 0:08:37]} Rxb1+ {[%clk 0:15:23]} 32. Rxb1
{[%clk 0:08:58]} Rb8 {[%clk 0:15:51]} 33. Qd1 {[%clk 0:00:45]} Rxb1
{[%clk 0:14:49]} 34. Qxb1 {[%clk 0:01:00]} Qc5+ {[%clk 0:15:00]} 35. Nd4
{[%clk 0:01:10]} Qg5 {[%clk 0:15:20]} 36. Bg2 {[%clk 0:00:31]} Qe3+
{[%clk 0:15:38]} 37. Kh1 {[%clk 0:01:01]} Nf2+ {[%clk 0:15:50]} 0-1

[Event "World Chess Olympiad 2018"]
[Site "Batumi"]
[Date "2018.10.03"]
[Round "9"]
[Board "2"]
[WhiteFideId "2260409"]
[White "Aloma Vidal Robert"]
[BlackFideId "10101314"]
[Black "Silva David"]
[Result "1-0"]
[LiveChessVersion "1.4.8"]
[BlackElo "2223"]
[WhiteElo "2428"]

1. d4 {[%clk 1:30:57]} Nf6 {[%clk 1:30:15]} 2. c4 {[%clk 1:31:21]} g6
{[%clk 1:30:35]} 3. Nc3 {[%clk 1:31:47]} Bg7 {[%clk 1:30:58]} 4. e4
{[%clk 1:32:14]} d6 {[%clk 1:31:20]} 5. h3 {[%clk 1:32:41]} O-O {[%clk 1:30:42]}
6. Be3 {[%clk 1:33:08]} e5 {[%clk 1:26:06]} 7. d5 {[%clk 1:33:31]} Na6
{[%clk 1:26:27]} 8. g4 {[%clk 1:33:26]} Nc5 {[%clk 1:26:47]} 9. f3
{[%clk 1:33:51]} a5 {[%clk 1:26:53]} 10. Qd2 {[%clk 1:33:46]} c6 {[%clk 1:26:49]}
11. Nge2 {[%clk 1:32:37]} a4 {[%clk 1:27:10]} 12. Ng3 {[%clk 1:29:09]} cxd5
{[%clk 1:26:25]} 13. cxd5 {[%clk 1:29:22]} Bd7 {[%clk 1:26:25]} 14. h4
{[%clk 1:24:32]} Qa5 {[%clk 1:25:22]} 15. h5 {[%clk 1:23:34]} a3 {[%clk 1:25:31]}
16. b4 {[%clk 0:53:39]} Qxb4 {[%clk 1:25:54]} 17. Rb1 {[%clk 0:54:07]} Qa5
{[%clk 1:26:08]} 18. g5 {[%clk 0:54:33]} Ne8 19. Bb5 {[%clk 0:47:13]} Qd8
{[%clk 1:11:24]} 20. Qh2 {[%clk 0:36:44]} Rc8 {[%clk 1:09:42]} 21. hxg6
{[%clk 0:34:18]} fxg6 {[%clk 1:09:56]} 22. Qxh7+ {[%clk 0:25:20]} Kf7
{[%clk 1:10:24]} 23. Rh6 {[%clk 0:24:53]} Ke7 {[%clk 1:07:58]} 24. Rxg6
{[%clk 0:16:38]} Nd3+ {[%clk 1:07:58]} 25. Bxd3 {[%clk 0:16:08]} Rxc3
{[%clk 1:08:14]} 26. Ke2 {[%clk 0:13:59]} Rxd3 {[%clk 1:08:37]} 27. Kxd3
{[%clk 0:14:09]} Qa5 {[%clk 1:08:43]} 28. Ke2 {[%clk 0:12:35]} Rf7
{[%clk 1:05:16]} 29. Kf2 {[%clk 0:10:54]} Qc3 {[%clk 1:05:04]} 30. Rxb7
{[%clk 0:09:55]} Qc2+ {[%clk 1:05:17]} 31. Ne2 {[%clk 0:09:43]} Qxe4
{[%clk 1:05:28]} 32. Re6+ {[%clk 0:10:08]} 1-0

[Event "World Chess Olympiad 2018"]
[Site "Batumi"]
[Date "2018.10.03"]
[Round "9"]
[Board "3"]
[WhiteFideId "10100431"]
[White "Oliveira Luciano"]
[BlackFideId "2274477"]
[Black "Luke Brezmes Cristofer"]
[Result "1/2-1/2"]
[LiveChessVersion "1.4.8"]
[BlackElo "2124"]
[WhiteElo "2216"]

1. d4 {[%clk 1:30:59]} d5 {[%clk 1:30:53]} 2. Nf3 {[%clk 1:31:21]} Nf6
{[%clk 1:31:17]} 3. c4 {[%clk 1:31:41]} c6 {[%clk 1:31:34]} 4. Nc3
{[%clk 1:31:19]} dxc4 {[%clk 1:31:38]} 5. a4 {[%clk 1:31:37]} Bg4
{[%clk 1:31:24]} 6. e3 {[%clk 1:29:34]} e6 {[%clk 1:31:09]} 7. Bxc4
{[%clk 1:29:56]} Bb4 {[%clk 1:31:30]} 8. Qb3 {[%clk 1:26:53]} Qe7
{[%clk 1:29:52]} 9. Ne5 {[%clk 1:26:55]} Bf5 {[%clk 1:29:09]} 10. a5
{[%clk 1:23:01]} Nbd7 {[%clk 1:17:40]} 11. Ra4 c5 {[%clk 0:42:57]} 12. Nxd7
{[%clk 1:17:49]} Nxd7 {[%clk 0:41:02]} 13. dxc5 {[%clk 1:12:29]} Bxc5
{[%clk 0:40:14]} 14. Qxb7 {[%clk 1:11:05]} Rb8 {[%clk 0:38:42]} 15. Qf3
{[%clk 1:02:50]} O-O {[%clk 0:38:56]} 16. e4 {[%clk 1:00:00]} Bg6
{[%clk 0:37:10]} 17. Qe2 {[%clk 0:51:36]} Bb4 {[%clk 0:31:01]} 18. Ra1
{[%clk 0:43:49]} Ne5 {[%clk 0:24:59]} 19. Ba6 {[%clk 0:42:32]} Nc6
{[%clk 0:19:27]} 20. O-O {[%clk 0:37:43]} Bxa5 {[%clk 0:16:10]} 21. Qc4
{[%clk 0:30:38]} Ne5 {[%clk 0:15:37]} 22. Qd4 {[%clk 0:30:28]} Qf6
{[%clk 0:14:43]} 23. Qe3 {[%clk 0:29:32]} Bc7 {[%clk 0:12:11]} 24. h3
{[%clk 0:25:03]} h6 {[%clk 0:10:17]} 25. Be2 {[%clk 0:19:41]} Bb6
{[%clk 0:10:21]} 26. Qg3 {[%clk 0:19:45]} Nc6 {[%clk 0:09:04]} 27. Bf4
{[%clk 0:17:20]} Rbd8 {[%clk 0:05:44]} 28. Bc7 {[%clk 0:16:19]} Bxc7
{[%clk 0:04:49]} 29. Qxc7 {[%clk 0:16:42]} Nd4 {[%clk 0:05:10]} 30. Bd1
{[%clk 0:14:43]} Rb8 {[%clk 0:03:41]} 31. Ra2 {[%clk 0:13:55]} Nb5
{[%clk 0:03:47]} 32. Nxb5 {[%clk 0:05:18]} Rxb5 {[%clk 0:04:15]} 33. Bf3
{[%clk 0:04:22]} Rfb8 {[%clk 0:03:36]} 34. Qxa7 {[%clk 0:04:04]} Rxb2
{[%clk 0:03:34]} 35. Rxb2 {[%clk 0:04:21]} Rxb2 {[%clk 0:02:57]} 36. Qa8+
{[%clk 0:04:10]} Kh7 {[%clk 0:03:20]} 37. Rd1 {[%clk 0:04:27]} Bh5
{[%clk 0:02:32]} 38. Qa3 {[%clk 0:01:26]} Bxf3 {[%clk 0:02:44]} 39. Qxf3
{[%clk 0:01:24]} Qxf3 {[%clk 0:02:39]} 40. gxf3 {[%clk 0:31:48]} Kg6
{[%clk 0:31:42]} 41. Rd7 {[%clk 0:31:48]} Rb5 {[%clk 0:28:07]} 1/2-1/2

[Event "World Chess Olympiad 2018"]
[Site "Batumi"]
[Date "2018.10.03"]
[Round "9"]
[Board "4"]
[WhiteFideId "6900089"]
[White "Jose Queralto Daniel"]
[BlackFideId "10100253"]
[Black "Domingos Catarino"]
[Result "1-0"]
[LiveChessVersion "1.4.8"]
[BlackElo "2246"]
[WhiteElo "2096"]

1. e4 {[%clk 1:30:56]} e5 {[%clk 1:30:29]} 2. Nf3 {[%clk 1:31:21]} Nc6
{[%clk 1:30:42]} 3. d4 {[%clk 1:31:48]} exd4 {[%clk 1:30:59]} 4. Nxd4
{[%clk 1:32:12]} Bc5 {[%clk 1:30:59]} 5. Nb3 {[%clk 1:32:37]} Bb4+
{[%clk 1:29:15]} 6. c3 {[%clk 1:33:01]} Be7 {[%clk 1:29:37]} 7. f4
{[%clk 1:33:19]} d6 {[%clk 1:26:05]} 8. Bd3 {[%clk 1:33:11]} Nf6 {[%clk 1:24:23]}
9. O-O {[%clk 1:32:30]} O-O {[%clk 1:24:47]} 10. N1d2 {[%clk 1:31:47]} Re8
{[%clk 1:21:11]} 11. Re1 {[%clk 1:20:54]} Bf8 {[%clk 1:19:11]} 12. Nf3
{[%clk 1:18:55]} h6 {[%clk 1:10:24]} 13. h3 {[%clk 1:09:20]} g6 {[%clk 1:02:50]}
14. Qc2 {[%clk 1:01:38]} Bg7 {[%clk 1:00:17]} 15. Bd2 {[%clk 1:00:34]} a5
{[%clk 0:54:14]} 16. a4 {[%clk 1:00:27]} Bd7 {[%clk 0:48:30]} 17. Nbd4
{[%clk 0:47:33]} Nxd4 {[%clk 0:34:02]} 18. Nxd4 {[%clk 0:47:06]} Nh7
{[%clk 0:24:31]} 19. Qb3 {[%clk 0:38:25]} c5 {[%clk 0:18:50]} 20. Nb5
{[%clk 0:31:43]} Bc6 {[%clk 0:18:49]} 21. Rad1 {[%clk 0:24:11]} Qd7
{[%clk 0:12:58]} 22. Bc4 {[%clk 0:19:01]} Rad8 {[%clk 0:09:07]} 23. Be3
{[%clk 0:11:52]} Qe7 {[%clk 0:09:06]} 24. Nxd6 {[%clk 0:10:19]} Rxd6
{[%clk 0:09:15]} 25. Rxd6 {[%clk 0:10:13]} Qxd6 {[%clk 0:08:43]} 26. Bxf7+
{[%clk 0:10:37]} Kh8 {[%clk 0:08:46]} 27. Bxe8 {[%clk 0:10:50]} Bxe8
{[%clk 0:08:59]} 28. Qxb7 {[%clk 0:11:05]} Bxa4 {[%clk 0:06:26]} 29. Qa8+
{[%clk 0:10:10]} Bf8 {[%clk 0:05:35]} 30. Qxa5 {[%clk 0:10:21]} Bc6
{[%clk 0:05:20]} 31. b4 {[%clk 0:08:13]} cxb4 {[%clk 0:04:59]} 32. Bd4+
{[%clk 0:08:31]} Kg8 {[%clk 0:05:03]} 33. Qa2+ {[%clk 0:08:49]} 1-0

[Event "World Chess Olympiad 2018"]
[Site "Batumi"]
[Date "2018.10.03"]
[Round "9"]
[Board "1"]
[WhiteFideId "5300118"]
[White "Eid Fadi"]
[BlackFideId "8500037"]
[Black "Kigigha Bomo"]
[Result "1/2-1/2"]
[LiveChessVersion "1.4.8"]
[BlackElo "2300"]
[WhiteElo "2328"]

1. e4 {[%clk 1:30:58]} c5 {[%clk 1:30:54]} 2. a3 {[%clk 1:30:40]} d5
{[%clk 1:30:14]} 3. exd5 {[%clk 1:31:02]} Nf6 {[%clk 1:30:40]} 4. Bb5+
{[%clk 1:31:21]} Nbd7 {[%clk 1:28:06]} 5. c4 {[%clk 1:31:43]} a6 {[%clk 1:26:41]}
6. Ba4 {[%clk 1:32:06]} b5 {[%clk 1:25:49]} 7. cxb5 {[%clk 1:32:27]} Nxd5
{[%clk 1:25:43]} 8. Nf3 {[%clk 1:31:25]} Qa5 {[%clk 1:23:50]} 9. b6
{[%clk 1:28:25]} N5xb6 {[%clk 1:10:19]} 10. Bc6 {[%clk 1:28:41]} Ra7
{[%clk 1:10:34]} 11. Ne5 {[%clk 1:28:24]} c4 {[%clk 1:09:41]} 12. Qe2
{[%clk 1:27:04]} f6 {[%clk 1:09:24]} 13. Nxc4 {[%clk 1:21:17]} Qc5
{[%clk 1:07:37]} 14. Bxd7+ {[%clk 1:19:09]} Rxd7 {[%clk 1:03:04]} 15. d3
{[%clk 1:16:04]} Nd5 {[%clk 0:57:21]} 16. O-O {[%clk 1:15:16]} Bb7
{[%clk 0:54:26]} 17. Qe6 {[%clk 1:13:47]} Nc7 {[%clk 0:49:16]} 18. Qh3 g6
{[%clk 0:41:03]} 19. Be3 {[%clk 1:14:24]} Qf5 {[%clk 0:41:20]} 20. Qxf5
{[%clk 1:08:14]} gxf5 {[%clk 0:41:49]} 21. d4 {[%clk 1:00:36]} f4
{[%clk 0:31:50]} 22. Bxf4 {[%clk 1:00:59]} Rxd4 {[%clk 0:32:15]} 23. Bxc7
{[%clk 1:00:56]} Rxc4 {[%clk 0:32:42]} 24. Bg3 {[%clk 0:59:05]} h5
{[%clk 0:32:53]} 25. Nd2 {[%clk 0:56:00]} Rc2 {[%clk 0:28:29]} 26. Bf4
{[%clk 0:56:17]} Bh6 {[%clk 0:25:38]} 27. Bxh6 {[%clk 0:56:39]} Rxh6
{[%clk 0:26:07]} 28. Rfd1 {[%clk 0:56:12]} Rg6 {[%clk 0:24:02]} 29. g3
{[%clk 0:56:30]} f5 {[%clk 0:17:48]} 30. Rac1 {[%clk 0:52:29]} Rxb2
{[%clk 0:16:28]} 31. Nc4 {[%clk 0:49:10]} Ra2 {[%clk 0:15:18]} 32. Rb1
{[%clk 0:49:04]} Rc6 {[%clk 0:06:12]} 33. Ne3 {[%clk 0:36:02]} Bc8
{[%clk 0:04:03]} 34. Rbc1 {[%clk 0:26:43]} Rxc1 {[%clk 0:04:19]} 35. Rxc1
{[%clk 0:27:12]} Bd7 {[%clk 0:04:34]} 36. Rc3 {[%clk 0:27:14]} f4
{[%clk 0:03:43]} 37. gxf4 {[%clk 0:27:04]} Bh3 {[%clk 0:02:04]} 38. Nf1
{[%clk 0:27:31]} Be6 {[%clk 0:02:24]} 39. Kg2 {[%clk 0:27:56]} Bd5+ 40. Kg3
{[%clk 0:55:58]} h4+ {[%clk 0:33:05]} 41. Kxh4 {[%clk 0:56:11]} Rxf2
{[%clk 0:31:03]} 42. Ne3 {[%clk 0:56:39]} Rxh2+ {[%clk 0:31:14]} 43. Kg5
{[%clk 0:54:02]} Bf7 {[%clk 0:29:34]} 44. f5 {[%clk 0:52:50]} Ra2
{[%clk 0:29:06]} 45. Ng4 {[%clk 0:52:58]} Kd8 {[%clk 0:26:58]} 46. Rh3
{[%clk 0:44:18]} Bc4 {[%clk 0:24:28]} 47. Rh8+ {[%clk 0:39:33]} Kc7
{[%clk 0:24:52]} 48. Rh7 {[%clk 0:39:40]} Kd6 {[%clk 0:25:08]} 49. Rh6+
{[%clk 0:40:05]} Kc7 {[%clk 0:21:35]} 50. Ne5 {[%clk 0:40:15]} Bb5
{[%clk 0:21:49]} 51. Re6 {[%clk 0:38:30]} Kd8 {[%clk 0:22:02]} 52. Nf7+
{[%clk 0:34:45]} Kd7 {[%clk 0:22:02]} 53. Re3 {[%clk 0:32:29]} Re2
{[%clk 0:21:24]} 54. Kf4 {[%clk 0:29:14]} Rxe3 {[%clk 0:19:13]} 55. Kxe3
{[%clk 0:29:43]} Ba4 {[%clk 0:19:25]} 56. Kd4 {[%clk 0:28:31]} Bc2
{[%clk 0:19:34]} 57. Ne5+ {[%clk 0:28:05]} Kc7 {[%clk 0:19:13]} 58. Ng6
{[%clk 0:28:13]} Kd6 {[%clk 0:19:31]} 59. Nxe7 {[%clk 0:28:28]} Kxe7
{[%clk 0:19:36]} 60. f6+ {[%clk 0:28:51]} Kxf6 {[%clk 0:19:58]} 61. Kc3
{[%clk 0:29:18]} Ba4 {[%clk 0:20:11]} 62. Kb2 {[%clk 0:29:40]} Ke5
{[%clk 0:20:36]} 63. Ka1 {[%clk 0:30:06]} Kd4 {[%clk 0:21:00]} 64. Kb2
{[%clk 0:30:33]} Kd3 {[%clk 0:21:18]} 65. Ka1 {[%clk 0:30:57]} 1/2-1/2